MDQL
is popping MORE tags! Check the
thread
!
Quizzes
Events
Quiz Creation
Community
Videos
Private Events
Remove Ads
Sign In
Join for FREE
Feedback
Dark Mode
Quiz Categories
Sports
Geography
Music
Movies
Television
Just For Fun
Miscellaneous
History
Literature
Language
Science
Gaming
Entertainment
Religion
Holiday
For Kids
Quiz Lab
Recent
Popular Today
Quiz Kudos Today
Editor Picks
Curator Picks
Quizzes by...
Day
Popularity
Type
Ratings
Length
Year
Community
Subscriptions
Recent Discussions
Orange Saloon
Badges
Playlists
Quests
Create
Leaderboards
Showdown
Live 5
Trivia Bingo
Activity
Puzzle Library
Sporcle Events
Private Events
Virtual Trivia
Globe League
Become a Host
Pub Owners
SporcleCon
Opinionation
Our Games
Videos
Blog
Mobile Apps
Partnerships
Remove Ads and Go Orange
Feedback
Movies
Disney
Marvel Cinematic Universe
Movie Resume
Movie Titles
Oscar
Actor
Actress
Director
Pixar
Role
Movie Quotes
Movie Characters
Box Office
Nominee
Best Picture
Star Wars
James Bond
Horror Movies
Movies
Disney
Marvel Cinematic Universe
Movie Resume
Movie Titles
Oscar
Actor
Actress
Director
Pixar
Role
Movie Quotes
Movie Characters
Box Office
Nominee
Best Picture
Star Wars
James Bond
Horror Movies
Random Quiz
Search Sporcle
×
Quiz Lab
Quiz Lab
Movies
Oscar
Type in answers that appear in a list
Type in answers that appear in a list
Classic
Best Score? Go Orange.
Best Picture Production Companies Stats
Can you name the production companies who have produced a best picture winner?
By
smith1ao
10m
25 Questions
116 Plays
116 Plays
116 Plays
Comments
Comments
Give Quiz Kudos
Give Quiz Kudos
-
- Ratings
hide this ad
More Info
Replay
Link that replays current quiz
Next Quiz
Link to next quiz in quiz playlist
You Got
0%
They Got
Avg Score
45%
Avg Friend Score
Upgrade to see
Score Distribution
Jump to the score distribution portion of the page
Score
0/25
Timer
10:00
0
Plays Today
# of Winners
Production Companies
% Correct
11
Paramount Pictures
93.1%
9
20th Century Fox
91.4%
12
Columbia Pictures
84.5%
9
Universal Pictures/Universal-International
84.5%
9
Metro-Goldwyn-Mayer
81.9%
9
Warner Bros. Pictures
81.9%
3
Miramax Films
75%
3
DreamWorks
64.7%
12
United Artists
63.8%
2
RKO Radio Pictures
63.8%
4
Orion Pictures
55.2%
1
New Line Cinema
52.6%
2
The Weinstein Co.
51.7%
# of Winners
Production Companies
% Correct
1
Lions Gate Entertainment
51.7%
1
Fox Searchlight
36.2%
1
Summit Entertainment
33.6%
1
Paramount Vantage
19.8%
2
Selznick International Pictures
16.4%
1
Icon Productions
6%
1
ARP Selection
3.4%
1
Famous Players-Lasky Corporation
3.4%
1
La Petite Reine
3.4%
1
The Ladd Company
3.4%
1
J. Arthur Rank-Two Cities Films
2.6%
1
Lightstorm Entertainment
2.6%
Quiz Playlist
Details
Report
Send in Message
Add To Playlist
More Info:
If a movie had multiple production companies, both companies are named. Subsidiaries have their own answer.
Classic:
Type in answers that appear in a list
Quiz Source
Last Updated: Jul 3, 2017
Quiz Scoreboard
CHALLENGE
Sign Up to Join the Scoreboard
Show All
Scores
Hide
Comments
May contain spoilers
Recently Published
5x2 Blitz: Bands
by SL_Kpop136
Music
30s
Colored Red Africa Blitz
by spor1
Geography
30s
Find the 'City' Movie
by crazypaving
Movies
60s
More to Explore
Quiz From the Vault
Featured Blog Post
14 Easter Pick-up Lines to Find Eggs With
hide this ad
You Might Also Like...
Tags
Best Picture Quiz
Oscar Quiz
studio
Today's Top Quizzes in Movies
Browse Movies
hide this ad
Today's Top Quizzes in Oscar
Browse Oscar
Top Contributed Quizzes in Movies
1
Find The 'Big' Movie
2
Find The 'Blue' Movie
3
Find The 'Wild' Movie
4
Hidden Star Wars Character II
5
Pick 5 Posters: Directed by Spielberg
6
Hidden Star Wars Character III
7
Hidden Star Wars Character IV
8
Movies By Plot
9
Alfred Hitchcock Movies by Plot
10
Hidden Star Wars Character V
Explore More
Trending Topics
Crossword
NBA
Harry Potter
Disney
Anime
Marvel
Kpop
Pokémon
Country
Song
Puzzle
NFL
Soccer
The Office
WWE
hide this ad
More By:
smith1ao
Quiz
Plays
Rating
Category
Featured
Created
Best Picture - Bechdel Test
2,555
4.30
Movies
Aug 27, 2015
Oscar Nominees Taglines - 2013
556
4.36
Movies
Jan 30, 2013
Best Picture Nominees - Production Companies
260
4.11
Movies
Jul 19, 2012
Walt Disney Films
221
4.00
Movies
May 14, 2011
Best Actress - Bechdel Test
164
4.00
Movies
Aug 27, 2015
Go to Creator's Profile
Score Distribution
Quiz Creator Spotlight
smith1ao
Follow
Send a Message
Quizzes Created
-
Created Quiz Play Count
-
More By This Creator
Popular Quizzes Today
1
Find the 'City' Movie
2
5x2 Blitz: Bands
3
Colored Red Africa Blitz
4
Find the US States - No Outlines Minefield
5
The Countries of the World
6
Find the US States
7
9x9 Crossword: Cartoon Network
8
US States
More Movies Quizzes
'Toy Story' Toys
Published
Trending Quizzes
Colored Red Europe Blitz I
Colored Red Africa Blitz II
Colored Red Europe Blitz III
Colored Red Europe Blitz II
Colored Red Africa Blitz III
Recently Updated
Champions League XIs: Real Madrid
pecheneg
Largest US Cities 1790-2010
pecheneg
Rides in Walt Disney World
pecheneg
Most Oscar Losses (Acting)
pecheneg
Beyoncé Albums
pecheneg
Leaping Animals
pecheneg
Reality TV Shows (A-Z)
bhenderson79
Rickey Henderson's Hall of Fame Teammates
pecheneg
Champions League XIs: Arsenal
pecheneg
Quick Pick: Celebrities in WWE's Hall of Fame
aduchscher
Trending Topics
Harry Potter
Anime
Crossword
Disney
NBA
Kpop
Marvel
Country
WWE
Soccer
The Office
Song
Puzzle
NFL
Pokémon
Your Account Isn't Verified!
In order to create a playlist on Sporcle, you need to verify the email address you used during registration. Go to your
Sporcle Settings
to finish the process.
Report this User
Report this user for behavior that violates our
Community Guidelines
.
Details:
Send Report
Go to the Sporcle.com Mobile Site →
Comments